MARC

LEADER 00000nam0a2200000 4500
001 286849
005 20231101235931.0
035 |a (RuTPU)RU\TPU\book\311200 
090 |a 286849 
100 |a 20150310d1978 k y0rusy50 ca 
101 0 |a rus 
102 |a RU 
105 |a a z 001zy 
200 1 |a Основы методики структурно-геоморфологических исследований при нефтегазопоисковых работах  |f Всесоюзный научно-исследовательский геологоразведочный нефтяной институт (ВНИГНИ) ; под ред. С. П. Максимова, А. Н. Золотова, Л. П. Полкановой 
210 |a Москва  |c Недра  |d 1978 
215 |a 264 с.  |c ил. 
225 1 |a Труды Всесоюзного научно-исследовательского геологоразведочного нефтяного института (ВНИГНИ)  |v Вып. 198 
320 |a Библиогр.: с. 249-262. 
606 1 |a Нефтегазоносность  |x Исследование  |2 stltpush  |3 (RuTPU)RU\TPU\subj\45601  |9 64794 
610 1 |a геоморфологические исследования 
610 1 |a структурные исследования 
610 1 |a нефтегазопоисковые работы 
610 1 |a генетические исследования 
610 1 |a экзогенные процессы 
610 1 |a геолого-геофизическая характеристика 
675 |a 553.98.08  |v 3 
702 1 |a Максимов  |b С. П.  |4 340 
702 1 |a Золотов  |b А. Н.  |4 340 
702 1 |a Полканова  |b Л. П.  |4 340 
712 0 2 |a Всесоюзный научно-исследовательский геологоразведочный нефтяной институт (ВНИГНИ)  |2 stltpush  |3 (RuTPU)RU\TPU\col\18350 
801 1 |a RU  |b 63413507  |c 20150310 
801 2 |a RU  |b 63413507  |c 20150917  |g RCR 
942 |c BK